Southville International School and Colleges
Your cart is empty.
  • Cart
  • Lists
    Public lists Eva Luna New books Lux_list list_1
    Your lists Log in to create your own lists
  • Log in to your account
  • Your cookies
  • Search history
Southville International School and Colleges
  • Advanced search
  • Recent comments
  • Most popular
  • Libraries

Log in to your account

Log in with GOOGLE


If you do not have an external account, but do have a local account, you can still log in:

  1. Home
  2. MARC view: Duck at the door /
Normal view MARC view ISBD view

Duck at the door / (Record no. 114755)

[ view plain ]
MARC details
000 -LEADER
fixed length control field 00537nam a2200169 a 4500
005 - DATE AND TIME OF LATEST TRANSACTION
control field 20140414132111.0
008 - FIXED-LENGTH DATA ELEMENTS--GENERAL INFORMATION
fixed length control field 110513s19uu xx 00 eng d
050 ## - LIBRARY OF CONGRESS CALL NUMBER
Classification number TR
Item number D85 2007
100 ## - MAIN ENTRY--PERSONAL NAME
Personal name Urbanovic, Jackie.
245 ## - TITLE STATEMENT
Title Duck at the door /
Statement of responsibility, etc Jackie Urbanovic.
260 ## - PUBLICATION, DISTRIBUTION, ETC. (IMPRINT)
Place of publication, distribution, etc New York, NY :
Name of publisher, distributor, etc Scholastic ,
Date of publication, distribution, etc c2007.
520 ## - SUMMARY, ETC.
Summary, etc When Max the duck decides to stay behind when his flock flies south, Irene invites him to stay with her for the winter.
650 ## - SUBJECT ADDED ENTRY--TOPICAL TERM
Topical term or geographic name as entry element Ducks
650 ## - SUBJECT ADDED ENTRY--TOPICAL TERM
Topical term or geographic name as entry element Animals
650 ## - SUBJECT ADDED ENTRY--TOPICAL TERM
Topical term or geographic name as entry element Winter
Holdings
Withdrawn status Lost status Damaged status Use restrictions Home library Current library Shelving location Date acquired Source of acquisition Cost, normal purchase price Total Checkouts Full call number Barcode Date last seen Price effective from Koha item type
        Munich Library Munich Library Teachers Reference Section 05/13/2011   165.00   TR D85 2007 M6649 04/14/2014 04/14/2014 Books

Duck at the door /

APA

Urbanovic J., . (2007). Duck at the door. New York, NY: Scholastic.

Chicago

Urbanovic Jackie, . 2007. Duck at the door. New York, NY: Scholastic.

Harvard

Urbanovic J., . (2007). Duck at the door. New York, NY: Scholastic.

MLA

Urbanovic Jackie, . Duck at the door. New York, NY: Scholastic. 2007.

  • Place hold
  • Print
  • Cite
  • Add to your cart (remove)
  • Save record
    BIBTEX Dublin Core MARCXML MARC (non-Unicode/MARC-8) MARC (Unicode/UTF-8) MARC (Unicode/UTF-8, Standard) MODS (XML) RIS
  • More searches
    Search for this title in:
    Other Libraries (WorldCat) Other Databases (Google Scholar) Online Stores (Bookfinder.com) Open Library (openlibrary.org)

Exporting to Dublin Core...

SOUTHVILLE LIBRARY

Southville International School and Colleges Library

1281 Tropical Ave. Cor. Luxembourg St., BF Homes International, Las Pinas City

Tel. No. 8256374 / 252358 Loc. 117/146

Powered by Koha